<?xml version="1.0" encoding="UTF-8"?>
<record
    xmlns:xsi="http://www.w3.org/2001/XMLSchema-instance"
    xsi:schemaLocation="http://www.loc.gov/MARC21/slim http://www.loc.gov/standards/marcxml/schema/MARC21slim.xsd"
    xmlns="http://www.loc.gov/MARC21/slim">

  <leader>02462pam a22004211i 4500</leader>
  <controlfield tag="001">991017940749707026</controlfield>
  <controlfield tag="003">UkOxU</controlfield>
  <controlfield tag="005">20260505164002.0</controlfield>
  <controlfield tag="006">m    ||  d |      </controlfield>
  <controlfield tag="007">cr |||||||||||</controlfield>
  <controlfield tag="008">221115s2022    nju     o     000|0|eng|d</controlfield>
  <datafield tag="015" ind1=" " ind2=" ">
    <subfield code="a">GBC2L0349</subfield>
    <subfield code="2">bnb</subfield>
  </datafield>
  <datafield tag="020" ind1=" " ind2=" ">
    <subfield code="a">9781292412870</subfield>
    <subfield code="q">(PDF ebook):</subfield>
    <subfield code="c">&#x110;50.99</subfield>
  </datafield>
  <datafield tag="035" ind1=" " ind2=" ">
    <subfield code="a">023393583-44oxf_inst</subfield>
  </datafield>
  <datafield tag="035" ind1=" " ind2=" ">
    <subfield code="a">(UkOxU)023393583</subfield>
  </datafield>
  <datafield tag="035" ind1=" " ind2=" ">
    <subfield code="a">(Uk)020818527</subfield>
  </datafield>
  <datafield tag="037" ind1=" " ind2=" ">
    <subfield code="a">9781292412870</subfield>
    <subfield code="b">Pearson UK</subfield>
  </datafield>
  <datafield tag="040" ind1=" " ind2=" ">
    <subfield code="a">StDuBDS</subfield>
    <subfield code="b">eng</subfield>
    <subfield code="e">rda</subfield>
    <subfield code="e">pn</subfield>
    <subfield code="c">StDuBDS</subfield>
    <subfield code="d">Uk</subfield>
  </datafield>
  <datafield tag="041" ind1=" " ind2=" ">
    <subfield code="a">English</subfield>
  </datafield>
  <datafield tag="042" ind1=" " ind2=" ">
    <subfield code="a">ukblsr</subfield>
  </datafield>
  <datafield tag="100" ind1=" " ind2=" ">
    <subfield code="a">Harrison, Walter T.</subfield>
    <subfield code="c">Jr.</subfield>
    <subfield code="e">author.</subfield>
    <subfield code="1">https://isni.org/isni/0000000073747229</subfield>
    <subfield code="9">20661</subfield>
  </datafield>
  <datafield tag="245" ind1="1" ind2="0">
    <subfield code="a">Financial accounting</subfield>
    <subfield code="b">: international financial reporting standards</subfield>
  </datafield>
  <datafield tag="250" ind1=" " ind2=" ">
    <subfield code="a">Twelfth edition </subfield>
    <subfield code="b">/ Walter T. Harrison, Themin Suwardy, Wendy M. Tietz, Charles T. Horngren, C. William (Bill) Thomas.</subfield>
  </datafield>
  <datafield tag="250" ind1=" " ind2=" ">
    <subfield code="a">Global edition.</subfield>
  </datafield>
  <datafield tag="264" ind1=" " ind2="1">
    <subfield code="a">Upper Saddle River :</subfield>
    <subfield code="b">Pearson,</subfield>
    <subfield code="c">2022.</subfield>
  </datafield>
  <datafield tag="300" ind1=" " ind2=" ">
    <subfield code="a">1 online resource.</subfield>
  </datafield>
  <datafield tag="500" ind1=" " ind2=" ">
    <subfield code="a">Academic</subfield>
  </datafield>
  <datafield tag="520" ind1=" " ind2=" ">
    <subfield code="a">For courses in introductory financial accounting. A student-centered approach to financial accounting Accounting is the language of business, and understanding the role accounting plays in business is critical to a student's success in earning a business degree. Financial Accounting, International Financial Reporting Standards puts the focus on the purpose of accounting in business. With student-friendly examples and streamlined chapters, the 12th Edition delivers a student-centric approach to learning financial accounting. While maintaining its hallmark features of accuracy and lucidity, the twelfth edition also includes updated coverage of the Conceptual Framework for Financial Reporting; new and updated financial statements; real-world examples, illustrations, and exhibits; and discussions on how the COVID-19 pandemic impacted organizations.</subfield>
  </datafield>
  <datafield tag="630" ind1=" " ind2="0">
    <subfield code="a">B1 Financial Accounting (BiM)</subfield>
    <subfield code="9">26595</subfield>
  </datafield>
  <datafield tag="650" ind1=" " ind2="0">
    <subfield code="a">Accounting</subfield>
    <subfield code="9">103</subfield>
  </datafield>
  <datafield tag="700" ind1=" " ind2=" ">
    <subfield code="a">Suwardy, Themin</subfield>
    <subfield code="e">author.</subfield>
    <subfield code="9">7075</subfield>
  </datafield>
  <datafield tag="700" ind1=" " ind2=" ">
    <subfield code="a">Tietz, Wendy M.,</subfield>
    <subfield code="e">author.</subfield>
    <subfield code="1">https://isni.org/isni/0000000069348719</subfield>
    <subfield code="9">24237</subfield>
  </datafield>
  <datafield tag="700" ind1=" " ind2=" ">
    <subfield code="a">Horngren, Charles T.</subfield>
    <subfield code="d">1926-2011</subfield>
    <subfield code="e">author.</subfield>
    <subfield code="1">https://isni.org/isni/0000000122801309</subfield>
    <subfield code="9">20352</subfield>
  </datafield>
  <datafield tag="700" ind1=" " ind2=" ">
    <subfield code="a">Thomas, C. William</subfield>
    <subfield code="e">author.</subfield>
    <subfield code="1">https://isni.org/isni/0000000032286171</subfield>
    <subfield code="9">7076</subfield>
  </datafield>
  <datafield tag="856" ind1=" " ind2=" ">
    <subfield code="u">https://bibliotheque.tbs-education.fr/Default/doc/SYRACUSE/3386444/financial-accounting</subfield>
  </datafield>
  <datafield tag="942" ind1=" " ind2=" ">
    <subfield code="2">lcc</subfield>
  </datafield>
  <datafield tag="952" ind1=" " ind2=" ">
    <subfield code="0">0</subfield>
    <subfield code="1">0</subfield>
    <subfield code="2">lcc</subfield>
    <subfield code="4">0</subfield>
    <subfield code="7">0</subfield>
    <subfield code="8">CT</subfield>
    <subfield code="a">TBS</subfield>
    <subfield code="b">TBS</subfield>
    <subfield code="d">2025-09-05</subfield>
    <subfield code="l">0</subfield>
    <subfield code="r">2025-09-05</subfield>
    <subfield code="t">1</subfield>
    <subfield code="u">https://bibliotheque.tbs-education.fr/Default/doc/SYRACUSE/3386444/financial-accounting</subfield>
    <subfield code="w">2025-09-05</subfield>
    <subfield code="y">EBOOK</subfield>
  </datafield>
  <datafield tag="999" ind1=" " ind2=" ">
    <subfield code="c">4907</subfield>
    <subfield code="d">4907</subfield>
  </datafield>
</record>
